Southville International School and Colleges
Your cart is empty.
  • Cart
  • Lists
    Public lists Eva Luna New books Lux_list list_1
    Your lists Log in to create your own lists
  • Log in to your account
  • Your cookies
  • Search history
Southville International School and Colleges
  • Advanced search
  • Recent comments
  • Most popular
  • Libraries

Log in to your account

Log in with GOOGLE


If you do not have an external account, but do have a local account, you can still log in:

  1. Home
  2. MARC view: When I was little :
Normal view MARC view ISBD view

When I was little : (Record no. 103072)

[ view plain ]
MARC details
000 -LEADER
fixed length control field 00550nam a2200169 a 4500
005 - DATE AND TIME OF LATEST TRANSACTION
control field 20140412111249.0
008 - FIXED-LENGTH DATA ELEMENTS--GENERAL INFORMATION
fixed length control field 020515s19uu xx 00 eng d
020 ## - INTERNATIONAL STANDARD BOOK NUMBER
International Standard Book Number 0-590-76347-4
050 ## - LIBRARY OF CONGRESS CALL NUMBER
Classification number TR(PS E
Item number Wh56 1993
100 ## - MAIN ENTRY--PERSONAL NAME
Personal name Curtis, Jamie Lee
245 ## - TITLE STATEMENT
Title When I was little :
Remainder of title a four-year-olds memoir of her youth /
Statement of responsibility, etc by Jamie Lee Curtis ; illustrated by Laura Cornell.
260 ## - PUBLICATION, DISTRIBUTION, ETC. (IMPRINT)
Place of publication, distribution, etc New York :
Name of publisher, distributor, etc Scholastic Inc,
Date of publication, distribution, etc 1993.
300 ## - PHYSICAL DESCRIPTION
Extent [29] p. ; ill.
650 ## - SUBJECT ADDED ENTRY--TOPICAL TERM
Topical term or geographic name as entry element Little girl
General subdivision Fiction
650 ## - SUBJECT ADDED ENTRY--TOPICAL TERM
Topical term or geographic name as entry element Children stories
General subdivision Fiction
Holdings
Withdrawn status Lost status Damaged status Use restrictions Home library Current library Shelving location Date acquired Source of acquisition Total Checkouts Full call number Barcode Date last seen Price effective from Koha item type
        Elizalde Library Elizalde Library Teachers Reference Section 05/15/2002     TR(PS E Wh56 1993 E3804 04/12/2014 04/12/2014 Books

When I was little :

APA

Curtis J. L., . (1993). When I was little. New York: Scholastic Inc.

Chicago

Curtis Jamie Lee, . 1993. When I was little. New York: Scholastic Inc.

Harvard

Curtis J. L., . (1993). When I was little. New York: Scholastic Inc.

MLA

Curtis Jamie Lee, . When I was little. New York: Scholastic Inc. 1993.

  • Place hold
  • Print
  • Cite
  • Add to your cart (remove)
  • Save record
    BIBTEX Dublin Core MARCXML MARC (non-Unicode/MARC-8) MARC (Unicode/UTF-8) MARC (Unicode/UTF-8, Standard) MODS (XML) RIS
  • More searches
    Search for this title in:
    Other Libraries (WorldCat) Other Databases (Google Scholar) Online Stores (Bookfinder.com) Open Library (openlibrary.org)

Exporting to Dublin Core...

SOUTHVILLE LIBRARY

Southville International School and Colleges Library

1281 Tropical Ave. Cor. Luxembourg St., BF Homes International, Las Pinas City

Tel. No. 8256374 / 252358 Loc. 117/146

Powered by Koha